Managing international markets : developing countries and the commodity trade regime /

Salvato in:
Dettagli Bibliografici
Autore principale: Finlayson, Jock A.
Altri autori: Zacher, Mark W.
Natura: Libro
Lingua:English
Pubblicazione: New York : Columbia University Press, 1988.
Serie:The Political economy of international change
Soggetti:
LEADER 01165nam a2200301 a 4500
001 c000011818
003 CARM
005 00000000000000.0
008 870930s1988 nyu b 00110 eng
019 1 |a 5571010  |z 60997893  |5 LACONCORD2021 
020 |a 0231065744 (alk. paper) 
035 |a (OCoLC)16873850  |5 LACONCORD2021 
043 |a d------ 
050 0 0 |a HF1428  |b .F56 1988 
082 0 0 |a 382/.3/091724  |2 19 
100 1 |a Finlayson, Jock A. 
245 1 0 |a Managing international markets :  |b developing countries and the commodity trade regime /  |c Jock A. Finlayson and Mark W. Zacher. 
260 |a New York :  |b Columbia University Press,  |c 1988. 
300 |a xii, 348 p. ;  |c 25 cm. 
440 4 |a The Political economy of international change 
500 |a Includes index. 
504 |a Bibliography: p. [299]-342. 
650 0 |a Commodity control. 
651 0 |a Developing countries  |x Commerce. 
700 1 |a Zacher, Mark W., 
852 8 |b CARM  |h A2:AJ33F0  |i C04728  |p 0187620  |f BK 
999 f f |i fd550687-ee26-556e-8eec-69200c477eb1  |s 267a85c0-39af-5ba8-8f1d-75f6ff968479 
952 f f |p Can circulate  |a CAVAL  |b CAVAL  |c CAVAL  |d CARM 1 Store  |e C04728  |f A2:AJ33F0  |h Other scheme  |i book  |m 0187620